000 00242nam a2200097Ia 4500
008 240625s9999 xx 000 0 und d
041 _aeng
082 _a808.20 SHA
100 _aSHARMA MAYANK
245 _aMARKETING ANALYSIS TO UNDERSTAND THE BRA
999 _c38063
_d38063